La dynamique de l'Occident
Αποθηκεύτηκε σε:
| Κύριος συγγραφέας: | |
|---|---|
| Άλλοι συγγραφείς: | |
| Μορφή: | Βιβλίο |
| Γλώσσα: | French German |
| Δημοσίευση: |
Paris :
Calman-Levy,
1976.
|
| Σειρά: | Archives des sciences sociales
|
| Θέματα: | |
| Ετικέτες: |
Προσθήκη ετικέτας
Δεν υπάρχουν, Καταχωρήστε ετικέτα πρώτοι!
|
MARC
| LEADER | 00000cam a2200000 i 4500 | ||
|---|---|---|---|
| 001 | 1/84300 | ||
| 008 | 960627s1976 fr | ||| |||| ||fre|| | ||
| 020 | |a 2702101178 | ||
| 035 | |l 10005999 | ||
| 040 | |a GR-MyUA |b gre |e AACR2 | ||
| 041 | 1 | |a fre |h ger | |
| 082 | 0 | |a 306.4 | |
| 100 | 1 | |a Elias, Norbert, |d 1897-1990. | |
| 245 | 1 | 3 | |a La dynamique de l'Occident / |c Norbert Elias ; traduit de l'allemand par Pierre Kamnitzer. |
| 260 | |a Paris : |b Calman-Levy, |c 1976. | ||
| 300 | |a 328 σ. | ||
| 490 | 1 | |a (Archives des sciences sociales) | |
| 500 | |a Τίτλος πρωτοτύπου: Uber den prozess der zivilisation. | ||
| 650 | 0 | 0 | |a Political sociology. |
| 650 | 0 | 0 | |a Civilization. |
| 650 | 0 | 0 | |a Culture. |
| 700 | 1 | |a Kamnitzer, Pierre, |e trl | |
| 830 | 0 | |a Archives des sciences sociales | |
| 852 | |a INST |b LESVOS |e 19960627 |h 306.4 ELI |p 005100004738 |q 005100004738 |t BK |y 0 | ||
| 909 | |a Λ |b 008439 | ||